00240nam a2200073Ia 4500008004100000082001300041100001900054245009300073240331s9999 xx 000 0 und d a291bFAI aLumpur , K. ed 0aFaith renewed :ba report on the frist Asian Women's consultation on Interfaith Dialogue